[Event "Berlin op 03"]
[Site "Berlin"]
[Date "2005.03.30"]
[Round "5"]
[White "Harndt, Jan Michael"]
[Black "Korell, Klaus Peter"]
[Result "0-1"]
[WhiteElo "1829"]
[BlackElo "1806"]
[PlyCount "82"]
[EventDate "2005.03.25"]
[EventType "swiss"]
[EventRounds "9"]
[EventCountry "GER"]
[SourceTitle "EXT 2007"]
[Source "ChessBase"]
[SourceDate "2006.11.23"]
[SourceVersion "1"]
[SourceVersionDate "2006.11.23"]
[SourceQuality "1"]

1. Nf3 Nf6 2. g3 c5 3. Bg2 Nc6 4. 0-0 g6 5. d3 Bg7 6. c4 0-0 7. Nc3 d6 8. Bg5 Re8 9. Re1 a6 10. Rb1 Rb8 11. d4 cxd4 12. Nxd4 Nxd4 13. Qxd4 Bf5 14. Rbc1 Ne4 15. Qe3 Nxc3 16. bxc3 Qd7 17. h4 h5 18. Red1 Qa4 19. Bh6 Qxc4 20. Bd5 Bxh6 21. Qxh6 Qxe2 22. Re1 Qg4 23. Re3 e6 24. Rce1 Rec8 25. Bb3 Rc7 26. Bd1 Qc4 27. Bb3 Qg4 28. Bd1 Qc4 29. Bb3 Qc5 30. Rxe6 fxe6 31. Rxe6 d5 32. Rxg6+ Bxg6 33. Qxg6+ Kf8 34. Qh6+ Ke7 35. Qg7+ Ke6 36. Qg6+ Kd7 37. Ba4+ b5 38. Bd1 Rf8 39. Bxh5 Qxf2+ 40. Kh1 Qf1+ 41. Kh2 Rf2# 0-1

[Event "Berlin Eckbauer op 4th"]
[Site "Berlin"]
[Date "2001.10.15"]
[Round "3"]
[White "Huhn, Ulrich"]
[Black "Harndt, Jan Michael"]
[Result "0-1"]
[WhiteElo "1877"]
[BlackElo "1687"]
[PlyCount "33"]
[EventDate "2001.10.??"]
[EventType "swiss"]
[EventRounds "7"]
[EventCountry "GER"]
[SourceTitle "EXT 2005"]
[Source "ChessBase"]
[SourceDate "2004.11.15"]
[SourceVersion "1"]
[SourceVersionDate "2004.11.15"]
[SourceQuality "1"]

1. d4 Nf6 2. Nc3 d5 3. Nf3 Bf5 4. e3 e6 5. Bd3 c6 6. Ne5 Nbd7 7. f4 Bb4 8. 0-0 0-0 9. Bd2 Bxc3 10. Bxc3 Nxe5 11. fxe5 Ne4 12. Qf3 Qd7 13. a4 b6 14. Be1 c5 15. c4 Nd2 16. Bxd2 Bxd3 17. Rf2 0-1